000 00271nam a22001097a 4500
008 170118b xxu||||| |||| 00| 0 eng d
020 _a9780781732284
041 _aeng
080 _24TH
_a618.2
245 _aSTUDY GUIDE TO CLINICAL PROCEDURES
_cTEMPLE, J.S
942 _2udc
_cBK
999 _c3143
_d3143